000
00289nam a22001337a 4500
008
170612b xxu||||| |||| 00| 0 eng d
020
_a
0684144694
041
_a
eng
080
_a
324
100
_a
19
101
_a
SHP
245
_a
PRESIDENTAL ELECTIONS
_c
POLSBY.N.W
942
_2
udc
_c
BK
999
_c
16938
_d
16938